000
00290 a2200133 4500
001
39081
082
_a
620.004202 KIR
090
_c
24643
_d
24643
100
_a
Kirpatrick
245
_a
AutoCAD Book, 4/e
250
_a
4
260
_a
U S A
_b
Prentice Hall
_c
1996
300
_a
703 p.
942
_a
NUST-CAE
_k
620.004202 KIR
999
_c
274154
_d
274154